|
|
|
|
| LEADER |
00000ny a22000003n 4500 |
| 005 |
20110610132024.0 |
| 008 |
080520s2001 sp 000 0 cat d |
| 035 |
|
|
|a 2595
|
| 040 |
|
|
|a BUDC ..T049:
|a svg
|d vLex
|
| 090 |
|
|
|c 628
|d 628
|
| 100 |
1 |
|
|a Casado Casado, Luca̕
|
| 245 |
1 |
0 |
|a Medi ambient i ens locals
|h [Recurso electrn̤ico]
|c Lucia Casado i Casado, Josep Ramn̤ Fuentes i Gas̤
|
| 256 |
|
|
|a Servicio en ln̕ea
|
| 260 |
|
|
|a Barcelona :
|b Cedecs,
|c 2001
|
| 300 |
|
|
|a p. ;
|c cm
|
| 506 |
1 |
|
|a Contenido solo disponible en los productos indicados
|d vLex Global
|d vLex Global (Academic Edition, excluding Law Schools)
|d vLex Global (U.S. Academic Edition, Law Schools)
|d vLex Global (U.S. Academic Edition, excluding Law Schools)
|d vLex Global (Academic Edition, Law Schools)
|
| 650 |
0 |
7 |
|a Ambiental
|2 Tesauro vLex
|
| 650 |
0 |
7 |
|a Derecho medioambiental
|2 Tesauro vLex
|
| 650 |
0 |
7 |
|a Medio ambiente
|2 Tesauro vLex
|
| 700 |
1 |
|
|a Fuentes i Gas,̤ Josep Ramn̤,
|e coaut.
|
| 740 |
0 |
|
|a vLex Libros (Servicios en ln̕ea)
|
| 856 |
4 |
0 |
|u http://vlex.com/source/2595
|z Acceso restringido
|
| 942 |
|
|
|c BOOK
|
| 999 |
0 |
|
|a Environmental law)
|b Barcelona
|